=LDR 00000nam 2200000 4500 =001 INLIS000000000004041 =005 20251121090847 =035 ##$$a 0010-061300000004041 =008 251121################g##########0#ind## =041 ##$$a Ind =082 ##$$a 808 =090 ##$$a 808, Low k =100 1#$$a Low, C.C =245 1#$$a Kisah aneh dari Liozhai /$c C.C.Low; alih bahasa, Markus A.S =250 ##$$a Vol. 8 =260 ##$$a Jakarta :$b Bhuana Ilmu Populer,$c 1993 =300 ##$$a x, 298 hlm. : $b ilus. ; $c 20 cm =650 #4$$a Kasusastraan klasik =850 ##$$a NBPNMAT =020 ##$$a 979-537-686-1 =084 ##$$a 808 LOW k =500 ##$$a Judul asli: Strange Tales of Liozhai =700 #$$a Markus A.S =990 ##$$a 87.761,87.772,87.775,87.777/Pro.95 =990 ##$$a DW99006092 =990 ##$$a DW99006093 =990 ##$$a DW99006094 =990 ##$$a 87.761,87.772,87.775,87.777/Pro.95 =990 ##$$a DW99006092 =990 ##$$a DW99006093 =990 ##$$a DW99006094